1345 1407 1116 1283 1246 1744 1711 1349 1353 1976 1685 1573 1264 1575 1590 1640 1889 1339 1023 1273 1760 1458 1933 1501 1198 1645 1660 1592 1215 1354 1055 1741 1041 1950 1703 1334 1241 1933 1599 1460 1912 1681 1323 1494 1440 1344 1843 1440 1164 1948 1613 1329 1073 1028 1696 1469 1594 1177 1422 1456 1520 1357 1884 1246 1186 1915 1475 1654 1505 1220 1170 1807 1839 1682 1656 1121 1938 1538 1275 1869 1978 1262 1025 1001 1599 1731 1911 1534 1521 1008 1354 1352 1609 1112 1675 1347 1763 1106 1527 BCNSPRNW ULIB Ver.6.0+V

เปลี่ยนเป็นภาษาไทย

Change to English
 แสดงรายละเอียดบรรณานุกรม
  กลับหน้าหลัก

Brief Record : Get Marc (ISO 2709) : E-mail record : QR code < ปิดหน้าต่าง
LEADER : 00000nam 2200000uu 4500
001    13399126301
003     ULIB
008    180905s2560||||th 000 0 tha d
020    ^a9786164380028
060    ^aWV250^bห618ห
100    ^aขวัญชนก ยิ้มแต้
245    ^aหูชั้นใน=The Inner Ear
260    ^aขอนแก่น :^bภาควิชาโสต ศอ นาสิกวิทยา คณะแพทยศาสตร์ มหาวิทยาลัยขอนแก่น,^c2560
650    ^aหู
650    ^aหูชั้นใน
650    ^aหู--โรค--การรักษา
945    ^p300^l0^i26518
945    ^p300^l0^i26955
945    ^p300^l0^i26956
945    ^p300^l0^i26517
999    ^aกัณชพร จุลอักษร
รายการนี้ยังไม่มีแท็ก
คุณยังไม่ได้ล็อกอิน คุณสามารถมีกิจกรรมร่วมกับเว็บไซต์ได้ แต่ต้องล็อกอินก่อน ::
  ล็อกอิน

รายการสื่อสารสนเทศ

ลำดับที่ ประเภท เลขเรียก/บาร์โค้ด สถานที่ สถานะ
1. หนังสือสำรอง
หนังสือสำรอง
WV250 ห618ห ฉ.1 
  Barcode: 26517
ห้องสมุดวิทยาเขตนครสวรรค์
►หนังสือทั่วไป:l:General Books
บนชั้น
2. วิทยาศาสตร์การแพทย์ และสุขภาพ
วิทยาศาสตร์การแพทย์ และสุขภาพ
WV250 ห618ห ฉ.2 
  Barcode: 26518
ห้องสมุดวิทยาเขตนครสวรรค์
►หนังสือทั่วไป:l:General Books
บนชั้น
3. วิทยาศาสตร์การแพทย์ และสุขภาพ
วิทยาศาสตร์การแพทย์ และสุขภาพ
WV250 ห618ห ฉ.3 
  Barcode: 26955
ห้องสมุดวิทยาเขตนครสวรรค์
►หนังสือทั่วไป:l:General Books
บนชั้น
4. วิทยาศาสตร์การแพทย์ และสุขภาพ
วิทยาศาสตร์การแพทย์ และสุขภาพ
WV250 ห618ห ฉ.4 
  Barcode: 26956
ห้องสมุดวิทยาเขตนครสวรรค์
►หนังสือทั่วไป:l:General Books
บนชั้น

รายการใกล้เคียง
    ชื่อเรื่อง [หูชั้นใน=The Inner Ear]

    หัวเรื่อง [หู]
    หัวเรื่อง [หูชั้นใน]
    หัวเรื่อง [หู--โรค--การรักษา]

BibComment


ยังไม่เคยถูกคอมเมนท์

คอมเมนท์ทรัพยากรรายการนี้
  คอมเมนท์: หูชั้นในThe Inne..


 Copyright 2026. Bcnsprnw @Library